000 00368nam a2200157Ia 4500
003 0STCL
008 150530s9999 xx 000 0 und d
040 _aSTCL
_cSTCL
100 _aAllen, H.S.; Maxwell, R.S.
245 _aText book of heat part I
260 _bMacmillan
_c1939
546 _aEnglish
942 _2ddc
_cBK
999 _c29659
_d29659
005 20220125170153.0